Luis Seoane (Record no. 70340)

MARC details
000 -LEADER
campo de control de longitud fija 00638nam a2200205 i 4500
001 - NÚMERO DE CONTROL
campo de control 70340
003 - IDENTIFICADOR DE NÚMERO DE CONTROL
campo de control ES-MaACL
005 - FECHA Y HORA DE LA ÚLTIMA TRANSACCIÓN
campo de control 20250727085842.0
007 - CAMPO FIJO DE DESCRIPCIÓN FÍSICA--INFORMACIÓN GENERAL
campo de control de longitud fija t|
008 - DATOS DE LONGITUD FIJA--INFORMACIÓN GENERAL
campo de control de longitud fija 040722s1965 sp ||||1| spa d
100 1# - ENTRADA PRINCIPAL--NOMBRE DE PERSONA
Nombre de persona García-Sabell, Domingo,
Fechas asociadas al nombre 1909-2003
9 (RLIN) 55245
245 10 - MENCIÓN DEL TÍTULO
Título Luis Seoane
Resto del título : grabados /
Mención de responsabilidad, etc. Domingo García-Sabell.
260 ## - PUBLICACIÓN, DISTRIBUCIÓN, ETC.
Lugar de publicación, distribución, etc. [Vigo] :
Nombre del editor, distribuidor, etc. Galaxia,
Fecha de publicación, distribución, etc. [1965]
300 ## - DESCRIPCIÓN FÍSICA
Extensión 88 p., 3 lám. ;
Dimensiones 19 cm.
490 1# - MENCIÓN DE SERIE
Mención de serie Monografías de arte novo
600 17 - PUNTO DE ACCESO ADICIONAL DE MATERIA--NOMBRE DE PERSONA
Nombre de persona Seoane, Luis,
Fechas asociadas al nombre 1910-1979
Fuente del encabezamiento o término
9 (RLIN) 155119
830 00 - PUNTO DE ACCESO ADICIONAL DE SERIE-TÍTULO UNIFORME
Título uniforme Monografías de arte novo
9 (RLIN) 231034
852 ## - LOCALIZACIÓN
Ubicación ES-MaACL
Número de control de estantería C-27725
Sublocalización o colección R.56849
Holdings
Estatus retirado Estado de pérdida Estado de daño No para préstamo Biblioteca de origen Biblioteca actual Ubicación en estantería Fecha de adquisición Fuente de adquisición Total de préstamos Signatura topográfica completa Código de barras Visto por última vez Precio de reemplazo Tipo de ítem Koha
        Biblioteca del Ateneo de Madrid Biblioteca del Ateneo de Madrid Depósito 2 17/01/2008     C-27725 1073658 23/02/2023 23/02/2023 Libro impreso